Statistics for FIFA Men's/Women's World Cup Host Countries

Click here to take the quiz!

General Stats

  • This quiz has been taken 31 times
  • The average score is 25 of 26

Answer Stats

TypeYearCountry% Correct
Men's1950, 2014Brazil
100%
Men's, Women's2006, 2011Germany
100%
Men's1934, 1990Italy
100%
Men's2002Japan
100%
Men's1970, 1986, 2026Mexico
100%
Men's2010South Africa
100%
Men's, Women's1994, 1999, 2003, 2026United States
100%
Men's1974West Germany
100%
Men's1978Argentina
97%
Women's, Men's2015, 2026Canada
97%
Men's1966England
97%
Men's, Women's1938, 1998, 2019France
97%
Men's2030Morocco
97%
Men's2030Portugal
97%
Men's2002South Korea
97%
Men's1982, 2030Spain
97%
Men's, Women's1958, 1995Sweden
97%
Men's1930Uruguay
97%
Men's1962Chile
93%
Men's2022Qatar
93%
Men's2018Russia
93%
Men's1954Switzerland
83%
Women's2023Australia
80%
Women's1991, 2007China
80%
Women's2023New Zealand
80%
Men's2034Saudi Arabia
80%

Score Distribution

Percentile by Number Answered

Percent of People with Each Score

Your Score History

You have not taken this quiz